[Event "DEM U14w 2025"]
[Site "Willingen GER"]
[Date "2025.06.13"]
[Round "8"]
[White "Börner, Emma Charlotte"]
[Black "Mader, Theresa"]
[Result "1/2-1/2"]
[Termination "normal"]
[Board "12"]
[WhiteElo "1655"]
[BlackElo "1592"]
[WhiteClock "00:11:45"]
[BlackClock "00:10:45"]
[PlyCount "68"]
[WhiteFideId "34637907"]
[BlackFideId "34605657"]
[EventCountry "GER"]
[EventRounds "9"]
[EventType "swiss"]
[EventDate "2025.06.07"]

1. e4 {[%clk 01:30:58]} {[%emt 00:00:02]} c6 {[%clk 01:30:56]} {[%emt
00:00:05]} 2. d4 {[%clk 01:31:19]} {[%emt 00:00:09]} d5 {[%clk 01:31:21]}
{[%emt 00:00:05]} 3. Nc3 {[%clk 01:31:26]} {[%emt 00:00:23]} dxe4 {[%clk
01:31:39]} {[%emt 00:00:12]} 4. Nxe4 {[%clk 01:31:43]} {[%emt 00:00:13]} Nf6
{[%clk 01:31:57]} {[%emt 00:00:12]} 5. Ng3 {[%clk 01:29:32]} {[%emt 00:02:39]}
Bg4 {[%clk 01:27:10]} {[%emt 00:05:19]} 6. Be2 {[%clk 01:29:21]} {[%emt
00:00:40]} Bxe2 {[%clk 01:26:25]} {[%emt 00:01:15]} 7. N1xe2 {[%clk 01:29:28]}
{[%emt 00:00:22]} e6 {[%clk 01:26:06]} {[%emt 00:00:50]} 8. O-O {[%clk
01:27:23]} {[%emt 00:02:35]} Bd6 {[%clk 01:24:56]} {[%emt 00:01:41]} 9. Bf4
{[%clk 01:24:18]} {[%emt 00:03:35]} O-O {[%clk 01:22:25]} {[%emt 00:03:01]} 10.
Re1 {[%clk 01:15:20]} {[%emt 00:09:28]} Na6 {[%clk 01:16:06]} {[%emt 00:06:49]}
11. c3 {[%clk 01:12:48]} {[%emt 00:03:01]} Nc7 {[%clk 01:12:48]} {[%emt
00:03:49]} 12. Bxd6 {[%clk 01:08:10]} {[%emt 00:04:03]} Qxd6 {[%clk 01:13:13]}
{[%emt 00:01:10]} 13. Qd3 {[%clk 01:07:49]} {[%emt 00:00:50]} c5 {[%clk
01:06:56]} {[%emt 00:06:48]} 14. Ne4 {[%clk 01:04:36]} {[%emt 00:03:41]} Nxe4
{[%clk 01:06:04]} {[%emt 00:01:24]} 15. Qxe4 {[%clk 01:04:46]} {[%emt
00:00:18]} b6 {[%clk 01:04:27]} {[%emt 00:02:09]} 16. Nf4 {[%clk 01:01:01]}
{[%emt 00:04:13]} Rfd8 {[%clk 00:59:18]} {[%emt 00:05:41]} 17. dxc5 {[%clk
00:56:47]} {[%emt 00:04:44]} Qxc5 {[%clk 00:56:55]} {[%emt 00:02:54]} 18. Qe5
{[%clk 00:55:03]} {[%emt 00:02:10]} Qxe5 {[%clk 00:50:23]} {[%emt 00:07:04]}
19. Rxe5 {[%clk 00:55:07]} {[%emt 00:00:26]} Rd2 {[%clk 00:49:56]} {[%emt
00:00:58]} 20. Re2 {[%clk 00:54:27]} {[%emt 00:01:10]} Rad8 {[%clk 00:49:27]}
{[%emt 00:00:59]} 21. Kf1 {[%clk 00:50:29]} {[%emt 00:04:28]} Kf8 {[%clk
00:41:19]} {[%emt 00:08:38]} 22. Ke1 {[%clk 00:47:21]} {[%emt 00:03:38]} R2d6
{[%clk 00:40:22]} {[%emt 00:01:27]} 23. g3 {[%clk 00:44:23]} {[%emt 00:03:27]}
b5 {[%clk 00:37:59]} {[%emt 00:02:54]} 24. Ng2 {[%clk 00:43:10]} {[%emt
00:01:42]} a5 {[%clk 00:35:35]} {[%emt 00:02:55]} 25. Ne3 {[%clk 00:42:45]}
{[%emt 00:00:54]} b4 {[%clk 00:31:36]} {[%emt 00:04:29]} 26. cxb4 {[%clk
00:40:44]} {[%emt 00:02:31]} axb4 {[%clk 00:31:42]} {[%emt 00:00:24]} 27. Nc2
{[%clk 00:37:02]} {[%emt 00:04:12]} Nd5 {[%clk 00:28:48]} {[%emt 00:03:24]} 28.
Rd1 {[%clk 00:34:39]} {[%emt 00:02:53]} Ke7 {[%clk 00:25:54]} {[%emt 00:03:24]}
29. f4 {[%clk 00:26:25]} {[%emt 00:08:44]} g6 {[%clk 00:22:25]} {[%emt
00:04:00]} 30. Rdd2 {[%clk 00:20:51]} {[%emt 00:06:01]} Ra8 {[%clk 00:18:38]}
{[%emt 00:04:19]} 31. a3 {[%clk 00:18:38]} {[%emt 00:02:43]} bxa3 {[%clk
00:18:13]} {[%emt 00:00:55]} 32. Nxa3 {[%clk 00:16:37]} {[%emt 00:01:20]} Rd7
{[%clk 00:13:54]} {[%emt 00:06:01]} 33. Kf2 {[%clk 00:13:23]} {[%emt 00:03:40]}
Ra5 {[%clk 00:12:11]} {[%emt 00:02:16]} 34. Nc4 {[%clk 00:11:45]} {[%emt
00:02:08]} Rb5 {[%clk 00:10:45]} {[%emt 00:01:55]} 1/2-1/2

[Event "DEM U14w 2025"]
[Site "Willingen GER"]
[Date "2025.06.13"]
[Round "8"]
[White "Baklan, Kira"]
[Black "Liu, Yuelin"]
[Result "1-0"]
[Termination "normal"]
[Board "14"]
[WhiteElo "1548"]
[BlackElo "972"]
[WhiteClock "00:51:22"]
[BlackClock "00:53:56"]
[PlyCount "75"]
[WhiteFideId "34186514"]
[BlackFideId "533035970"]
[EventCountry "GER"]
[EventRounds "9"]
[EventType "swiss"]
[EventDate "2025.06.07"]

1. e4 {[%clk 01:30:58]} {[%emt 00:00:01]} c5 {[%clk 01:30:41]} {[%emt
00:00:20]} 2. c3 {[%clk 01:31:23]} {[%emt 00:00:05]} e6 {[%clk 01:31:06]}
{[%emt 00:00:05]} 3. Nf3 {[%clk 01:31:36]} {[%emt 00:00:17]} d5 {[%clk
01:30:44]} {[%emt 00:00:52]} 4. exd5 {[%clk 01:31:58]} {[%emt 00:00:08]} exd5
{[%clk 01:30:49]} {[%emt 00:00:26]} 5. d4 {[%clk 01:32:06]} {[%emt 00:00:21]}
cxd4 {[%clk 01:30:56]} {[%emt 00:00:23]} 6. cxd4 {[%clk 01:32:29]} {[%emt
00:00:07]} Nc6 {[%clk 01:30:43]} {[%emt 00:00:43]} 7. Nc3 {[%clk 01:30:25]}
{[%emt 00:02:34]} h6 {[%clk 01:27:07]} {[%emt 00:04:06]} 8. Bb5 {[%clk
01:29:29]} {[%emt 00:01:25]} Nf6 {[%clk 01:26:27]} {[%emt 00:01:11]} 9. O-O
{[%clk 01:27:55]} {[%emt 00:02:04]} a6 {[%clk 01:26:30]} {[%emt 00:00:27]} 10.
Bd3 {[%clk 01:19:55]} {[%emt 00:08:30]} Bd6 {[%clk 01:26:16]} {[%emt 00:00:44]}
11. Re1+ {[%clk 01:19:52]} {[%emt 00:00:32]} Be6 {[%clk 01:26:27]} {[%emt
00:00:20]} 12. Bf5 {[%clk 01:17:36]} {[%emt 00:02:46]} Qd7 {[%clk 01:24:25]}
{[%emt 00:02:32]} 13. Na4 {[%clk 01:12:48]} {[%emt 00:05:18]} Bc7 {[%clk
01:18:10]} {[%emt 00:06:46]} 14. Nc5 {[%clk 01:12:26]} {[%emt 00:00:51]} Qd6
{[%clk 01:11:54]} {[%emt 00:06:46]} 15. Nxe6 {[%clk 01:11:58]} {[%emt
00:00:58]} Ne7 {[%clk 01:09:07]} {[%emt 00:03:17]} 16. Bf4 {[%clk 01:10:09]}
{[%emt 00:02:19]} Qb4 {[%clk 01:07:18]} {[%emt 00:02:19]} 17. Nxc7+ {[%clk
01:08:40]} {[%emt 00:01:59]} Kf8 {[%clk 01:07:36]} {[%emt 00:00:12]} 18. Nxa8
{[%clk 01:06:43]} {[%emt 00:02:27]} Nxf5 {[%clk 01:07:21]} {[%emt 00:00:45]}
19. Rc1 {[%clk 01:04:33]} {[%emt 00:02:40]} Kg8 {[%clk 01:05:27]} {[%emt
00:02:24]} 20. Qd3 {[%clk 01:00:03]} {[%emt 00:05:00]} Ne4 {[%clk 01:03:45]}
{[%emt 00:02:12]} 21. Nd2 {[%clk 00:51:02]} {[%emt 00:09:31]} Kh7 {[%clk
00:59:37]} {[%emt 00:04:37]} 22. Nxe4 {[%clk 00:49:16]} {[%emt 00:02:17]} dxe4
{[%clk 00:56:08]} {[%emt 00:04:00]} 23. Qxe4 {[%clk 00:49:32]} {[%emt
00:00:13]} Rxa8 {[%clk 00:55:17]} {[%emt 00:01:21]} 24. Qxf5+ {[%clk 00:49:53]}
{[%emt 00:00:09]} Kg8 {[%clk 00:55:14]} {[%emt 00:00:32]} 25. Rc8+ {[%clk
00:50:06]} {[%emt 00:00:17]} Rxc8 {[%clk 00:55:23]} {[%emt 00:00:22]} 26. Qxc8+
{[%clk 00:50:32]} {[%emt 00:00:04]} Kh7 {[%clk 00:55:25]} {[%emt 00:00:27]} 27.
Qf5+ {[%clk 00:50:54]} {[%emt 00:00:08]} Kg8 {[%clk 00:51:33]} {[%emt
00:04:22]} 28. Re8+ {[%clk 00:51:17]} {[%emt 00:00:07]} Qf8 {[%clk 00:51:50]}
{[%emt 00:00:13]} 29. Rxf8+ {[%clk 00:50:51]} {[%emt 00:00:57]} Kxf8 {[%clk
00:52:18]} {[%emt 00:00:02]} 30. Bd6+ {[%clk 00:50:05]} {[%emt 00:01:15]} Kg8
{[%clk 00:52:30]} {[%emt 00:00:19]} 31. Be5 {[%clk 00:49:21]} {[%emt 00:01:13]}
f6 {[%clk 00:52:28]} {[%emt 00:00:32]} 32. Bxf6 {[%clk 00:49:39]} {[%emt
00:00:12]} gxf6 {[%clk 00:52:45]} {[%emt 00:00:14]} 33. Qxf6 {[%clk 00:50:05]}
{[%emt 00:00:04]} Kh7 {[%clk 00:53:04]} {[%emt 00:00:11]} 34. d5 {[%clk
00:50:30]} {[%emt 00:00:05]} b5 {[%emt 00:00:32]} 35. d6 {[%clk 00:50:47]} a5
{[%clk 00:53:26]} {[%emt 00:00:18]} 36. d7 {[%clk 00:51:08]} {[%emt 00:00:08]}
b4 {[%clk 00:53:46]} {[%emt 00:00:11]} 37. d8=R {[%clk 00:51:29]} {[%emt
00:00:09]} a4 {[%clk 00:53:56]} {[%emt 00:00:20]} 38. Rh8# {[%clk 00:51:22]}
{[%emt 00:00:06]} 1-0

[Event "DEM U14w 2025"]
[Site "Willingen GER"]
[Date "2025.06.14"]
[Round "9"]
[White "Burchardi, Helena"]
[Black "Czäczine, Paula"]
[Result "1-0"]
[Termination "normal"]
[Board "1"]
[WhiteElo "1800"]
[BlackElo "1965"]
[WhiteClock "00:37:51"]
[BlackClock "00:30:38"]
[PlyCount "107"]
[WhiteFideId "34636374"]
[BlackFideId "16249305"]
[EventCountry "GER"]
[EventRounds "9"]
[EventType "swiss"]
[EventDate "2025.06.07"]

1. e4 {[%clk 01:30:56]} {[%emt 00:00:03]} e5 {[%clk 01:30:57]} {[%emt
00:00:05]} 2. Nf3 {[%clk 01:31:18]} {[%emt 00:00:08]} Nc6 {[%clk 01:31:22]}
{[%emt 00:00:05]} 3. Bc4 {[%clk 01:31:40]} {[%emt 00:00:08]} Nf6 {[%clk
01:31:44]} {[%emt 00:00:08]} 4. Ng5 {[%clk 01:31:38]} {[%emt 00:00:31]} d5
{[%clk 01:31:57]} {[%emt 00:00:17]} 5. exd5 {[%clk 01:31:53]} {[%emt 00:00:15]}
Na5 {[%clk 01:32:20]} {[%emt 00:00:08]} 6. Bb5+ {[%clk 01:32:16]} {[%emt
00:00:07]} c6 {[%clk 01:32:38]} {[%emt 00:00:12]} 7. dxc6 {[%clk 01:32:36]}
{[%emt 00:00:09]} bxc6 {[%clk 01:33:00]} {[%emt 00:00:09]} 8. Bd3 {[%clk
01:32:42]} {[%emt 00:00:24]} Nd5 {[%clk 01:33:00]} {[%emt 00:00:30]} 9. Nf3
{[%clk 01:32:29]} {[%emt 00:00:43]} Bd6 {[%clk 01:32:34]} {[%emt 00:00:57]} 10.
O-O {[%clk 01:31:49]} {[%emt 00:01:09]} O-O {[%clk 01:28:05]} {[%emt 00:05:00]}
11. Re1 {[%clk 01:29:11]} {[%emt 00:03:06]} f5 {[%clk 01:23:23]} {[%emt
00:05:12]} 12. Nxe5 {[%clk 01:26:36]} {[%emt 00:03:06]} Qf6 {[%clk 01:23:10]}
{[%emt 00:00:44]} 13. Nf3 {[%clk 01:23:40]} {[%emt 00:03:24]} g5 {[%clk
01:23:29]} {[%emt 00:00:13]} 14. c4 {[%clk 01:22:06]} {[%emt 00:02:04]} Nf4
{[%clk 01:19:34]} {[%emt 00:04:25]} 15. Bf1 {[%clk 01:21:01]} {[%emt 00:01:35]}
g4 {[%clk 01:13:54]} {[%emt 00:06:11]} 16. d4 {[%clk 01:20:13]} {[%emt
00:01:18]} gxf3 {[%clk 01:08:00]} {[%emt 00:06:24]} 17. Qxf3 {[%clk 01:19:57]}
{[%emt 00:00:46]} Ne6 {[%clk 01:00:35]} {[%emt 00:07:56]} 18. Qc3 {[%clk
01:18:34]} {[%emt 00:01:49]} Nb7 {[%clk 00:57:20]} {[%emt 00:03:48]} 19. c5
{[%clk 01:17:35]} {[%emt 00:01:29]} Bc7 {[%clk 00:56:09]} {[%emt 00:01:41]} 20.
b4 {[%clk 01:16:24]} {[%emt 00:01:42]} Rd8 {[%clk 00:46:53]} {[%emt 00:09:46]}
21. Bc4 {[%clk 01:06:42]} {[%emt 00:10:12]} Kf8 {[%clk 00:42:35]} {[%emt
00:04:48]} 22. d5 {[%clk 01:02:39]} {[%emt 00:04:32]} Qxc3 {[%clk 00:39:00]}
{[%emt 00:04:05]} 23. Nxc3 {[%clk 01:02:52]} {[%emt 00:00:18]} cxd5 {[%clk
00:35:51]} {[%emt 00:03:39]} 24. Nxd5 {[%clk 00:58:00]} {[%emt 00:05:21]} Bb8
{[%clk 00:30:16]} {[%emt 00:06:06]} 25. c6 {[%clk 00:51:50]} {[%emt 00:06:41]}
Nd6 {[%clk 00:29:42]} {[%emt 00:01:03]} 26. c7 {[%clk 00:51:23]} {[%emt
00:00:57]} Nxc4 {[%clk 00:27:01]} {[%emt 00:03:12]} 27. cxd8=Q+ {[%clk
00:51:05]} {[%emt 00:00:48]} Nxd8 {[%clk 00:27:19]} {[%emt 00:00:12]} 28. Re7
{[%clk 00:48:52]} {[%emt 00:02:43]} Nf7 {[%clk 00:25:19]} {[%emt 00:02:30]} 29.
Re1 {[%clk 00:39:37]} {[%emt 00:09:45]} Be5 {[%clk 00:21:08]} {[%emt 00:04:42]}
30. Rb1 {[%clk 00:38:49]} {[%emt 00:01:17]} Bb7 {[%clk 00:19:03]} {[%emt
00:02:35]} 31. Ne3 {[%clk 00:35:25]} {[%emt 00:03:54]} Ncd6 {[%clk 00:14:47]}
{[%emt 00:04:46]} 32. Bb2 {[%clk 00:32:24]} {[%emt 00:03:32]} Be4 {[%clk
00:12:33]} {[%emt 00:02:44]} 33. Bxe5 {[%clk 00:32:32]} {[%emt 00:00:21]} Nxe5
{[%clk 00:12:37]} {[%emt 00:00:26]} 34. Rbd1 {[%clk 00:31:53]} {[%emt
00:01:09]} Ndf7 {[%clk 00:09:09]} {[%emt 00:03:58]} 35. Rd4 {[%clk 00:20:57]}
{[%emt 00:11:23]} Rb8 {[%clk 00:06:55]} {[%emt 00:02:47]} 36. a3 {[%clk
00:18:05]} {[%emt 00:03:22]} Ke7 {[%clk 00:05:00]} {[%emt 00:02:24]} 37. Nd5+
{[%clk 00:17:01]} {[%emt 00:01:34]} Bxd5 {[%clk 00:04:23]} {[%emt 00:01:08]}
38. Rxd5 {[%clk 00:17:25]} {[%emt 00:00:06]} Ke6 {[%clk 00:04:10]} {[%emt
00:00:42]} 39. Ra5 {[%clk 00:16:49]} {[%emt 00:01:06]} Rb7 {[%clk 00:03:44]}
{[%emt 00:00:57]} 40. f4 {[%clk 00:16:51]} {[%emt 00:00:28]} Rd7 {[%clk
00:02:29]} {[%emt 00:01:45]} 41. fxe5 {[%clk 00:16:35]} {[%emt 00:00:45]} Ng5
{[%clk 00:01:10]} {[%emt 00:01:49]} 42. Ra6+ {[%clk 00:14:04]} {[%emt
00:03:02]} Ke7 {[%clk 00:01:22]} {[%emt 00:00:18]} 43. Rf6 {[%clk 00:13:27]}
{[%emt 00:01:04]} Rd3 {[%clk 00:00:35]} {[%emt 00:01:19]} 44. Rxf5 {[%clk
00:13:25]} {[%emt 00:00:32]} Ne6 {[%clk 00:00:43]} {[%emt 00:00:23]} 45. Rh5
{[%clk 00:13:09]} {[%emt 00:00:45]} Rxa3 {[%clk 00:00:34]} {[%emt 00:00:41]}
46. Rxh7+ {[%clk 00:13:30]} {[%emt 00:00:08]} Ke8 {[%clk 00:00:49]} {[%emt
00:00:15]} 47. h4 {[%clk 00:08:56]} {[%emt 00:05:04]} Rb3 {[%clk 00:30:28]}
{[%emt 00:00:52]} 48. Re4 {[%clk 00:38:01]} {[%emt 00:01:24]} Nf8 {[%clk
00:29:55]} {[%emt 00:01:04]} 49. Rxa7 {[%clk 00:38:10]} {[%emt 00:00:21]} Ng6
{[%clk 00:30:01]} {[%emt 00:00:23]} 50. h5 {[%clk 00:38:20]} {[%emt 00:00:20]}
Ne7 {[%clk 00:29:18]} {[%emt 00:01:13]} 51. h6 {[%clk 00:38:09]} {[%emt
00:00:41]} Kf7 {[%clk 00:29:44]} {[%emt 00:00:04]} 52. h7 {[%clk 00:38:16]}
{[%emt 00:00:23]} Kg7 {[%clk 00:30:12]} {[%emt 00:00:03]} 53. Rxe7+ {[%clk
00:38:33]} {[%emt 00:00:12]} Kh8 {[%clk 00:30:38]} {[%emt 00:00:03]} 54. Re8+
{[%clk 00:37:51]} {[%emt 00:01:12]} 1-0

[Event "DEM U14w 2025"]
[Site "Willingen GER"]
[Date "2025.06.14"]
[Round "9"]
[White "Jordan, Christina"]
[Black "Chen, Yueyi"]
[Result "1/2-1/2"]
[Termination "normal"]
[Board "2"]
[WhiteElo "1815"]
[BlackElo "1851"]
[WhiteClock "00:21:23"]
[BlackClock "00:10:32"]
[PlyCount "140"]
[WhiteFideId "1347977"]
[BlackFideId "34653902"]
[EventCountry "GER"]
[EventRounds "9"]
[EventType "swiss"]
[EventDate "2025.06.07"]

1. e4 {[%clk 01:30:55]} {[%emt 00:00:05]} e5 {[%clk 01:30:52]} {[%emt
00:00:09]} 2. Nf3 {[%clk 01:31:18]} {[%emt 00:00:06]} Nf6 {[%clk 01:30:59]}
{[%emt 00:00:22]} 3. d4 {[%clk 01:31:44]} {[%emt 00:00:05]} Nxe4 {[%clk
01:31:17]} {[%emt 00:00:12]} 4. Bd3 {[%clk 01:32:06]} {[%emt 00:00:08]} d5
{[%clk 01:31:11]} {[%emt 00:00:36]} 5. Nxe5 {[%clk 01:25:29]} {[%emt 00:07:08]}
Bd6 {[%clk 01:30:38]} {[%emt 00:01:02]} 6. Qf3 {[%clk 01:19:54]} {[%emt
00:06:05]} Bxe5 {[%clk 01:12:01]} {[%emt 00:19:07]} 7. dxe5 {[%clk 01:15:24]}
{[%emt 00:05:01]} Nc5 {[%clk 01:03:42]} {[%emt 00:08:48]} 8. Qg3 {[%clk
01:12:10]} {[%emt 00:03:44]} Nxd3+ {[%clk 01:02:28]} {[%emt 00:01:44]} 9. cxd3
{[%clk 01:12:13]} {[%emt 00:00:27]} Rg8 {[%clk 01:02:08]} {[%emt 00:00:49]} 10.
d4 {[%clk 01:07:55]} {[%emt 00:04:49]} Nc6 {[%clk 01:01:56]} {[%emt 00:00:42]}
11. Qd3 {[%clk 01:03:57]} {[%emt 00:04:27]} Qh4 {[%clk 00:57:30]} {[%emt
00:04:57]} 12. Be3 {[%clk 01:03:04]} {[%emt 00:01:22]} Qg4 {[%clk 00:54:42]}
{[%emt 00:03:18]} 13. Qxh7 {[%clk 00:52:50]} {[%emt 00:10:44]} Rf8 {[%clk
00:54:41]} {[%emt 00:00:32]} 14. O-O {[%clk 00:49:35]} {[%emt 00:03:44]} Bf5
{[%clk 00:44:43]} {[%emt 00:10:28]} 15. f3 {[%clk 00:48:04]} {[%emt 00:02:01]}
Qxg2+ {[%clk 00:38:48]} {[%emt 00:06:25]} 16. Kxg2 {[%clk 00:48:29]} {[%emt
00:00:05]} Bxh7 {[%clk 00:39:14]} {[%emt 00:00:03]} 17. Nc3 {[%clk 00:48:30]}
{[%emt 00:00:29]} O-O-O {[%clk 00:38:08]} {[%emt 00:01:37]} 18. f4 {[%clk
00:45:18]} {[%emt 00:03:41]} Nb4 {[%clk 00:34:12]} {[%emt 00:04:26]} 19. Kf3
{[%clk 00:40:50]} {[%emt 00:04:57]} Bf5 {[%clk 00:32:44]} {[%emt 00:01:59]} 20.
Bf2 {[%clk 00:38:21]} {[%emt 00:02:59]} Rh8 {[%clk 00:31:57]} {[%emt 00:01:18]}
21. Bg3 {[%clk 00:38:09]} {[%emt 00:00:42]} Bg6 {[%clk 00:29:06]} {[%emt
00:03:20]} 22. Ne2 {[%clk 00:31:40]} {[%emt 00:06:59]} Bh5+ {[%clk 00:24:12]}
{[%emt 00:05:24]} 23. Kf2 {[%clk 00:31:53]} {[%emt 00:00:18]} Nd3+ {[%clk
00:24:30]} {[%emt 00:00:13]} 24. Ke3 {[%clk 00:32:13]} {[%emt 00:00:09]} Nxb2
{[%clk 00:24:53]} {[%emt 00:00:07]} 25. f5 {[%clk 00:31:15]} {[%emt 00:01:28]}
Nc4+ {[%clk 00:22:45]} {[%emt 00:02:38]} 26. Kd3 {[%clk 00:28:27]} {[%emt
00:03:18]} Bxe2+ {[%clk 00:22:11]} {[%emt 00:01:04]} 27. Kxe2 {[%clk 00:28:50]}
{[%emt 00:00:07]} Rde8 {[%clk 00:22:01]} {[%emt 00:00:40]} 28. Kd3 {[%clk
00:28:29]} {[%emt 00:00:50]} Kd7 {[%clk 00:21:41]} {[%emt 00:00:51]} 29. Rae1
{[%clk 00:28:08]} {[%emt 00:00:51]} Rh6 {[%clk 00:20:13]} {[%emt 00:01:59]} 30.
Rf4 {[%clk 00:27:11]} {[%emt 00:01:27]} Ra6 {[%clk 00:20:02]} {[%emt 00:00:40]}
31. Rg4 {[%clk 00:26:18]} {[%emt 00:01:22]} Ra3+ {[%clk 00:19:34]} {[%emt
00:00:59]} 32. Ke2 {[%clk 00:25:19]} {[%emt 00:01:29]} Re3+ {[%clk 00:10:36]}
{[%emt 00:09:28]} 33. Kf2 {[%clk 00:25:17]} {[%emt 00:00:32]} Rxe1 {[%clk
00:10:59]} {[%emt 00:00:07]} 34. Kxe1 {[%clk 00:25:41]} {[%emt 00:00:06]} Rg8
{[%clk 00:11:21]} {[%emt 00:00:09]} 35. Bf4 {[%clk 00:25:06]} {[%emt 00:01:04]}
c6 {[%clk 00:08:25]} {[%emt 00:03:26]} 36. h4 {[%clk 00:24:49]} {[%emt
00:00:48]} f6 {[%clk 00:05:29]} {[%emt 00:03:26]} 37. Kf2 {[%clk 00:22:12]}
{[%emt 00:03:06]} Ke7 {[%clk 00:04:39]} {[%emt 00:01:20]} 38. h5 {[%clk
00:21:42]} {[%emt 00:01:00]} Rh8 {[%clk 00:01:40]} {[%emt 00:03:29]} 39. Rxg7+
{[%clk 00:21:59]} {[%emt 00:00:14]} Kf8 {[%clk 00:02:02]} {[%emt 00:00:07]} 40.
h6 {[%clk 00:22:10]} {[%emt 00:00:19]} fxe5 {[%clk 00:02:28]} {[%emt 00:00:04]}
41. dxe5 {[%clk 00:22:27]} {[%emt 00:00:13]} Nxe5 {[%clk 00:02:13]} {[%emt
00:00:45]} 42. Bxe5 {[%clk 00:22:41]} {[%emt 00:00:16]} Rxh6 {[%clk 00:02:39]}
{[%emt 00:00:04]} 43. Rxb7 {[%clk 00:23:06]} {[%emt 00:00:05]} Rh5 {[%clk
00:03:03]} {[%emt 00:00:07]} 44. Bg7+ {[%clk 00:21:19]} {[%emt 00:02:16]} Kg8
{[%clk 00:03:24]} {[%emt 00:00:09]} 45. f6 {[%clk 00:21:40]} {[%emt 00:00:09]}
Rf5+ {[%clk 00:03:47]} {[%emt 00:00:07]} 46. Ke3 {[%clk 00:21:56]} {[%emt
00:00:13]} c5 {[%clk 00:04:07]} {[%emt 00:00:10]} 47. Rxa7 {[%clk 00:21:37]}
{[%emt 00:00:49]} d4+ {[%clk 00:04:20]} {[%emt 00:00:17]} 48. Ke4 {[%clk
00:19:48]} {[%emt 00:02:19]} Rf2 {[%clk 00:04:37]} {[%emt 00:00:13]} 49. Rc7
{[%clk 00:19:45]} {[%emt 00:00:33]} Re2+ {[%clk 00:04:44]} {[%emt 00:00:23]}
50. Kd3 {[%clk 00:19:41]} {[%emt 00:00:34]} Re3+ {[%clk 00:05:07]} {[%emt
00:00:08]} 51. Kd2 {[%clk 00:19:51]} {[%emt 00:00:19]} Rc3 {[%clk 00:05:08]}
{[%emt 00:00:29]} 52. Bh6 {[%clk 00:19:22]} {[%emt 00:00:59]} Rf3 {[%clk
00:05:06]} {[%emt 00:00:32]} 53. f7+ {[%clk 00:19:38]} {[%emt 00:00:14]} Rxf7
{[%clk 00:05:29]} {[%emt 00:00:07]} 54. Rxf7 {[%clk 00:20:06]} {[%emt
00:00:02]} Kxf7 {[%clk 00:05:54]} {[%emt 00:00:04]} 55. Kd3 {[%clk 00:20:34]}
{[%emt 00:00:02]} Ke6 {[%clk 00:06:19]} {[%emt 00:00:06]} 56. Kc4 {[%clk
00:20:58]} {[%emt 00:00:05]} Ke5 {[%clk 00:06:43]} {[%emt 00:00:06]} 57. Kxc5
{[%clk 00:21:19]} {[%emt 00:00:09]} Ke6 {[%clk 00:06:46]} {[%emt 00:00:27]} 58.
Kxd4 {[%clk 00:21:39]} {[%emt 00:00:10]} Kd6 {[%clk 00:06:58]} {[%emt
00:00:18]} 59. Kc4 {[%clk 00:21:42]} {[%emt 00:00:26]} Kc6 {[%clk 00:07:25]}
{[%emt 00:00:04]} 60. Kb4 {[%clk 00:21:20]} {[%emt 00:00:52]} Kb6 {[%clk
00:07:51]} {[%emt 00:00:03]} 61. Be3+ {[%clk 00:20:10]} {[%emt 00:01:39]} Ka6
{[%clk 00:07:56]} {[%emt 00:00:26]} 62. Kc5 {[%clk 00:20:10]} {[%emt 00:00:30]}
Ka5 {[%clk 00:07:28]} {[%emt 00:00:59]} 63. Kc6 {[%clk 00:20:32]} {[%emt
00:00:08]} Ka4 {[%clk 00:07:53]} {[%emt 00:00:06]} 64. Bc5 {[%clk 00:20:46]}
{[%emt 00:00:16]} Ka5 {[%clk 00:08:19]} {[%emt 00:00:04]} 65. Kb7 {[%clk
00:21:02]} {[%emt 00:00:14]} Kb5 {[%clk 00:08:42]} {[%emt 00:00:07]} 66. Bf8
{[%clk 00:21:25]} {[%emt 00:00:06]} Ka5 {[%clk 00:08:55]} {[%emt 00:00:19]} 67.
Bc5 {[%clk 00:20:40]} {[%emt 00:01:15]} Kb5 {[%clk 00:09:20]} {[%emt 00:00:05]}
68. Bb6 {[%clk 00:20:34]} {[%emt 00:00:36]} Kb4 {[%clk 00:09:38]} {[%emt
00:00:12]} 69. Kc6 {[%clk 00:20:58]} {[%emt 00:00:05]} Ka3 {[%clk 00:10:05]}
{[%emt 00:00:04]} 70. Kb5 {[%clk 00:21:23]} {[%emt 00:00:04]} Kxa2 {[%clk
00:10:32]} {[%emt 00:00:04]} 1/2-1/2